แสดงรายละเอียดบรรณานุกรม
  กลับหน้าหลัก

Brief Record : Get Marc (ISO 2709) : E-mail record : QR code ปิดหน้าต่าง
E-books : เกี่ยวกับ Collections
LEADER 00000nam 2200000uu 4500
001    213080
003     ULIBM
008    020711s2563 th a 000 0 tha d
020    9786161143275
041    ^atha
060  4 WY 18 พ884ค 2563
100    เพ็ญจมาศ คำธนะ
245    คู่มือการใช้รูปแบบการจัดการศึกษาบูรณาการเชิงสร้างสรรค์เพื่อเสริมสร้างอัตลักษณ์บริการด้วยหัวใจความเป็นมนุษย์ของนักศึกษาพยาบาล วิทยาลัยพยาบาลบรมราชชนนี ราชบุรี/^cเพ็ญจมาศ คำธนะ, เยาวลักษณ์ มีบุญมาก, จิริยา อินทนา, กัลยา ศรีมหันต์, กรรณิการ์ กิจนพเกียรติ
250    พิมพ์ครั้งที่ 1
260    ราชบุรี :^bวิทยาลัยพยาบาลบรมราชชนนี ราชบุรี,^c2563
300    130 หน้า :^bภาพประกอบ ;^c26 ซม.
650  4 รูปแบบการจัดการศึกษา^xคู่มือ
650  4 ^aพยาบาล^xรูปแบบการจัดการศึกษา
650  4 ^aบริการด้วยหัวใจความเป็นมนุษย์
700 0  ^aเยาวลักษณ์ มีบุญมาก
700 0  ^aจิริยา อินทนา
700 0  ^aกัลยา ศรีมหันต์
700 0  ^aกรรณิการ์ กิจนพเกียรติ
710 2  ^aราชบุรี. วิทยาลัยพยาบาลบรมราชชนนี
999    ^aใช้งานได้ทุกระบบ
รายการนี้ยังไม่มีแท็ก
คุณยังไม่ได้ล็อกอิน คุณสามารถมีกิจกรรมร่วมกับเว็บไซต์ได้ แต่ต้องล็อกอินก่อน ::
  ล็อกอิน
ลำดับที่ ประเภท เลขเรียก สถานที่ สถานะ
1. การพยาบาล (ตำราหลัก)
การพยาบาล (ตำราหลัก)
WY 18 พ884ค 2563 ฉ.1 
  
หนังสือทั่วไป On Shelf
  ขอยืม
   [แสดง 1/1 รายการ]

รายการใกล้เคียง
    ผู้แต่ง [เพ็ญจมาศ คำธนะ]

    หัวเรื่อง [บริการด้วยหัวใจความเป็นมนุษย์]

BibComment


ยังไม่เคยถูกคอมเมนท์

คอมเมนท์ทรัพยากรรายการนี้
  คอมเมนท์: คู่มือการใช้รูปแบ..
Bib 213080

 
 
 

 Union Library Management : ULibM
Copyright 2026. All Rights Reserved.
скачать бесплатно без регистрации порно красивый секс HD Sex Hindi sex

xxx gou

xxxx

bfxxx

xxxwww

Секса Видео

xxxx

Секса Видео

detube

geilexxx

C99 Shell

worms shell

blod xxx video
Ebony Coed Rihanna Rimes Takes A Dick In Her Young Twat priyaa indian fuck anal and pusssy hardcore indian women xxx desi hardcore fucking part 1 bengalixxxcouple